000 01585cam a2200325 i 4500
001 78795
003 BD-RjUL
005 20211209083156.0
008 200312s1891 ii 000 0 ara
035 _a(BD-RjUL)79022
040 _aDLC
_beng
_erda
_cDLC
041 _aara
066 _c(3
082 _223
_a340.59
_bQAK 1891
100 1 _aقنوجي، محمد بشير الدين ;; Qannawjī, Muḥammad Bashīr al-Dīn,
_d-1848.
_9250041
245 1 0 _a كشف المبهم مما في المسلم ;; Kashf al-mubhim mimmā fī al-Musallam /
_cمحمد بشير الدين القنوجي. ;; li-Muḥammad Bashīr al-Dīn al-Qannawjī.
264 1 _a كراچي ;; Karachi :
_bتاجران کتب ,
_c1308 [1891]
300 _a256 pages ;
_c23 cm
600 1 0 _aBahārī, Muḥibb Allāh ibn ʻAbd al-Shakūr,
_d-1707 or 1708.
_tMusallam al-thubūt.
_9250042
650 0 _aIslamic law
_xInterpretation and construction
_vEarly works to 1800.
_9250043
650 0 _aHanafites
_vEarly works to 1800.
_9250044
700 1 _a
_e
_9250046
880 1 _6100-01/(3/r‏
_a‏قنوجي، محمد بشير الدين،‏
_d‏-1848.
880 1 0 _6245-02/(3/r‏
_a‏كشف المبهم مما في المسلم /‏
_c‏لمحمد بشير الدين القنوجي.
880 1 _6264-03/(3/r‏
_a‏دهلي :‏
_b‏المطبع المجتبائي،‏
_c1308 [1891]
880 1 _6700-04/(3/r‏
_a‏منصوري، محمود الإمام،‏
_e‏former owner.‏
_5‏DLC
942 _2ddc
_cBK
999 _c78795
_d78795